Từ điển hóa sinh học

সংরক্ষণ করুন:
গ্রন্থ-পঞ্জীর বিবরন
প্রধান লেখক: Đỗ, Đình Hồ
বিন্যাস: গ্রন্থ
ভাষা:Undetermined
প্রকাশিত: Hà Nội Y học 1983
বিষয়গুলি:
ট্যাগগুলো: ট্যাগ যুক্ত করুন
কোনো ট্যাগ নেই, প্রথমজন হিসাবে ট্যাগ করুন!
Thư viện lưu trữ: Trung tâm Học liệu Trường Đại học Cần Thơ
LEADER 00609nam a2200193Ia 4500
001 CTU_7924
008 210402s9999 xx 000 0 und d
082 |a 572.03 
082 |b H450 
100 |a Đỗ, Đình Hồ 
245 0 |a Từ điển hóa sinh học 
245 0 |c Đỗ Đình Hồ, Đái Duy Ban, Đặng Hanh Phức 
260 |a Hà Nội 
260 |b Y học 
260 |c 1983 
650 |a Biochemistry 
650 |x terminilogy 
904 |i Huỳnh Mai chuyển số PL từ 574.12903 thành 572.03 
980 |a Trung tâm Học liệu Trường Đại học Cần Thơ